| 000 | 00625nam a2200229 a 4500 | ||
|---|---|---|---|
| 999 |
_c4754 _d4754 |
||
| 001 | 4754 | ||
| 003 | BD-JhCC | ||
| 005 | 20171209113707.0 | ||
| 008 | 171203b1976 xxua|||| ||a| 001 0 eng d | ||
| 035 | _a(BD-JhCC)4754 | ||
| 040 |
_aBD-JhCC _dBD-JhCC |
||
| 041 | _aeng | ||
| 082 |
_a954.04 _bCOL 1976 |
||
| 100 | _aCollins, Larry | ||
| 245 |
_aFreedom at Midnight / _cLarry Collins; Dominique Lapierre |
||
| 260 |
_aNew Delhi : _bVikas Publishing House Pvt Ltd, _c1976. |
||
| 300 |
_a500 p. : _c22 cm. |
||
| 650 |
_aPolitics and govenment _zIndia |
||
| 700 | _a Lapierre, Dominique | ||
| 942 |
_2ddc _cBK |
||